000 00509nam a22001817a 4500
003 OSt
005 20120302151155.0
008 091005t xxu||||| |||| 00| 0 eng d
035 _a१४८८१
040 _cमराठी
100 _aगडकर, रेचल
_99145
222 _aनाटक
245 _aआम्हीच शहाणे
250 _a१ ली
260 _aमुंबई
_bत्रिदल
_c१९९०
300 _b२० पाने
942 _2ddc
_cBOOK
999 _c493943
_d493940